Bahasa,format penulisan dan tatacara penyampaianceramah,ucapan dan taklimat

Bibliographic Details
Main Author: Maimunah Haji Omar
Format: Book
Published: Shah Alam : ITM , 1993
Subjects:

MARC

LEADER 00000cam a2200000 7i4500
001 0000003300
002 000003560
005 20091009.0
020 |a 9679580660 
090 0 0 |a 808.5   |b MAI 
100 0 |a Maimunah Haji Omar 
245 1 0 |a Bahasa,format penulisan dan tatacara penyampaianceramah,ucapan dan taklimat   |c Maimunah Haji Omar 
260 |a Shah Alam :   |b ITM ,   |c 1993 
300 |a 248p. ;   |c 24cm. 
650 0 0 |a Speeches, addresses, etc. 
999 |a 036860   |b BUKU   |c PINJAMAN   |e PERPUSTAKAAN KOMUNITI PETALING JAYA